A04_市の人口×面積ランキングWORST100 - Statistics

General Stats
  • This quiz has been taken 34 times
  • The average score is 69 of 100
Answer Stats
順位 都道府
県名
人口×
面積
(万人*
km^2)
人口
(万人)
面積
(km^2)
市町村名 % Correct
2 埼玉県 38.66 7.56 5.11 蕨市
94%
1 北海道 14.93 0.27 55.95 歌志内市
90%
3 京都府 43.67 5.66 7.72 向日市
87%
18 埼玉県 93.54 8.47 11.04 和光市
81%
29 北海道 113.53 0.87 129.88 赤平市
81%
59 東京都 162.29 14.78 10.98 武蔵野市
81%
9 東京都 61.85 7.59 8.15 国立市
77%
15 石川県 73.45 5.42 13.56 野々市市
77%
28 東京都 108.80 7.10 15.32 武蔵村山市
77%
44 愛知県 131.70 6.11 21.55 長久手市
77%
51 東京都 150.07 11.65 12.88 東久留米市
77%
54 愛知県 157.98 6.80 23.22 豊明市
77%
69 兵庫県 175.06 9.48 18.47 芦屋市
77%
4 愛知県 50.09 4.78 10.47 岩倉市
74%
7 大阪府 55.74 6.27 8.89 藤井寺市
74%
8 東京都 57.42 5.65 10.16 福生市
74%
30 東京都 114.18 8.51 13.42 東大和市
74%
32 愛知県 119.53 6.89 17.35 清須市
74%
36 大分県 122.29 1.54 79.48 津久見市
74%
42 神奈川県 130.05 4.06 32.05 三浦市
74%
48 大阪府 144.08 11.71 12.30 門真市
74%
49 千葉県 147.17 1.57 93.96 勝浦市
74%
50 東京都 147.56 12.88 11.46 国分寺市
74%
55 愛知県 158.29 8.62 18.37 北名古屋市
74%
65 東京都 168.52 9.38 17.97 稲城市
74%
72 大阪府 179.52 14.12 12.71 守口市
74%
74 大阪府 183.70 5.08 36.17 阪南市
74%
75 神奈川県 186.20 8.41 22.14 綾瀬市
74%
81 愛知県 197.73 6.14 32.19 みよし市
74%
82 東京都 198.57 11.45 17.34 昭島市
74%
100 北海道 225.83 0.75 302.52 三笠市
74%
14 大阪府 69.17 5.80 11.92 大阪狭山市
71%
16 東京都 76.31 7.46 10.23 清瀬市
71%
21 鳥取県 95.18 3.27 29.11 境港市
71%
23 神奈川県 101.11 5.85 17.28 逗子市
71%
24 大阪府 101.59 5.44 18.69 四條畷市
71%
26 大阪府 104.82 7.31 14.33 泉大津市
71%
31 愛知県 117.78 7.22 16.31 知立市
71%
52 愛知県 150.86 6.01 25.09 津島市
71%
53 京都府 157.78 8.23 19.17 長岡京市
71%
57 福岡県 158.82 11.22 14.15 春日市
71%
60 石川県 162.58 1.99 81.85 羽咋市
71%
63 埼玉県 167.43 11.44 14.64 ふじみ野市
71%
84 沖縄県 198.64 10.03 19.80 宜野湾市
71%
91 福岡県 211.81 7.16 29.60 太宰府市
71%
92 大阪府 212.62 11.64 18.27 大東市
71%
93 愛知県 214.72 4.37 49.11 弥富市
71%
97 埼玉県 223.69 11.31 19.77 富士見市
71%
98 沖縄県 224.62 11.55 19.44 浦添市
71%
5 東京都 52.46 8.21 6.39 狛江市
68%
6 東京都 53.87 5.44 9.90 羽村市
68%
11 大阪府 63.82 5.65 11.30 高石市
68%
12 愛知県 64.57 4.92 13.11 高浜市
68%
22 山梨県 97.15 3.07 31.69 中央市
68%
25 奈良県 102.86 6.24 16.48 大和高田市
68%
34 北海道 122.11 1.55 78.68 砂川市
68%
38 沖縄県 127.77 6.61 19.33 豊見城市
68%
40 大阪府 128.40 8.64 14.87 摂津市
68%
43 埼玉県 131.20 5.26 24.92 白岡市
68%
56 岐阜県 158.79 5.63 28.19 瑞穂市
68%
64 埼玉県 167.70 9.31 18.02 八潮市
68%
68 佐賀県 173.69 1.80 96.56 多久市
68%
70 愛知県 176.54 8.39 21.03 尾張旭市
68%
85 広島県 202.48 2.57 78.66 大竹市
68%
87 静岡県 205.73 1.97 104.38 下田市
68%
99 岐阜県 225.58 1.93 117.01 美濃市
68%
13 埼玉県 69.06 7.63 9.05 志木市
65%
17 宮城県 90.42 5.21 17.37 塩竈市
65%
19 和歌山県 94.58 2.15 43.91 御坊市
65%
20 和歌山県 94.73 2.57 36.83 有田市
65%
27 福岡県 106.55 3.17 33.62 大川市
65%
33 香川県 121.14 3.03 39.93 善通寺市
65%
35 宮城県 122.20 6.21 19.69 多賀城市
65%
37 埼玉県 123.66 7.01 17.65 鶴ヶ島市
65%
45 東京都 140.81 12.46 11.30 小金井市
65%
47 鹿児島県 143.84 1.92 74.78 枕崎市
65%
58 徳島県 160.58 3.54 45.37 小松島市
65%
66 京都府 168.55 6.92 24.35 八幡市
65%
71 富山県 178.76 3.27 54.62 滑川市
65%
73 三重県 180.78 1.68 107.34 鳥羽市
65%
78 奈良県 190.65 7.86 24.26 香芝市
65%
79 大阪府 194.37 11.67 16.66 松原市
65%
88 和歌山県 208.18 5.41 38.51 岩出市
65%
89 静岡県 209.61 3.39 61.77 熱海市
65%
90 広島県 211.32 2.10 100.65 江田島市
65%
94 鹿児島県 214.91 1.33 162.10 垂水市
65%
41 埼玉県 129.63 6.54 19.82 北本市
61%
46 奈良県 143.44 2.37 60.58 御所市
61%
61 埼玉県 166.47 4.91 33.93 幸手市
61%
62 埼玉県 167.33 6.13 27.28 蓮田市
61%
83 静岡県 198.60 3.03 65.57 御前崎市
61%
86 福岡県 205.72 4.92 41.78 筑後市
61%
67 大阪府 169.59 6.70 25.33 柏原市
58%
76 埼玉県 188.73 7.44 25.35 桶川市
58%
77 茨城県 189.60 2.66 71.40 潮来市
58%
80 大阪府 197.43 7.73 25.55 交野市
58%
10 福岡県 62.97 3.95 15.96 中間市
55%
39 奈良県 127.82 3.79 33.72 葛城市
55%
95 岡山県 219.23 3.30 66.46 浅口市
55%
96 千葉県 222.12 6.26 35.48 白井市
55%
No matching quizzes found
Score Distribution
Percent of People with Each Score
Percentile by Number Answered
Your Score History
You have not taken this quiz